[Event "Monte Grande Zalazar Cup 5th"]
[Site "Monte Grande"]
[Date "2015.08.08"]
[Round "5.3"]
[White "Capuano, Gabriel"]
[Black "Barrientos Medina, Juan Carlos"]
[Result "0-1"]
[WhiteElo "1863"]
[BlackElo "2019"]
[PlyCount "46"]
[EventDate "2015.07.11"]
[EventType "swiss"]
[EventRounds "7"]
[EventCountry "ARG"]
[SourceTitle "EXT 2024"]
[Source "ChessBase"]
[SourceDate "2023.10.10"]
[SourceVersion "1"]
[SourceVersionDate "2023.10.10"]
[SourceQuality "1"]

1. e4 c6 2. d4 d5 3. Nc3 dxe4 4. Nxe4 Bf5 5. Ng3 Bg6 6. Nf3 Nd7 7. h4 h6 8. h5 Bh7 9. Bd3 Bxd3 10. Qxd3 e6 11. Bf4 Ngf6 12. c4 Qa5+ 13. Bd2 Bb4 14. a3 Bxd2+ 15. Nxd2 0-0 16. Kf1 Rfd8 17. c5 Nxc5 18. Qe2 Rxd4 19. Nf3 Nb3 20. Nxd4 Nxa1 21. Kg1 Rd8 22. Qe3 Qd5 23. Nge2 c5 0-1